000 00616nam a2200229 i 4500
001 C2-0082757
003 PPAK
005 20180727085132.0
008 970429s1985 njua|||| ||||| | eng d
020 _a081670113X
040 _aPPAK
_beng
_cPPAK
_erda
082 0 4 _a636.7
_223
090 0 0 _a636.7
_bMcP
_dK
100 1 _aMcPherson, Mark,
_eauthor
245 1 0 _aCaring for your dog
264 1 _aMahwah :
_bTroll Associates ,
_c1985.
300 _a47 pages :
_bcolour illustrations ;
_c22 cm
336 _2rdacontent
_atext
337 _2rdamedia
_aunmediated
338 _2rdacarrier
_avolume
942 _ddc
_cB
999 _c15463
_d15463